00347nam a2200145Ia 45000030006000000080041000060400015000471000017000622450028000792500006001072600053001133000006001665460012001720050017001840STCL150530s9999 xx 000 0 und d aSTCLcSTCL aPaulo Coelho 4aThe Witch of Portobello a1 bOxford University press;New Yorkc2007aNew York a0 aEnglish20220125171019.0